Statistics for Countries with the most IKEA stores

Click here to take the quiz!

General Stats

  • This quiz has been taken 3,667 times
    (3,227 since last reset)
  • The average score is 29 of 42

Answer Stats

No. of storesAnswer% Correct
38United States
98%
17Sweden
96%
18United Kingdom
95%
46Germany
93%
12Canada
92%
11China
91%
29France
91%
6Norway
91%
14Russia
91%
15Spain
90%
4Finland
89%
20Italy
89%
5Japan
89%
5Denmark
84%
7Australia
83%
8Poland
83%
3Portugal
83%
6Austria
80%
12Netherlands
80%
7Switzerland
79%
5Greece
77%
6Belgium
76%
1Ireland
74%
5Turkey
70%
2Hungary
69%
1Iceland
69%
1Slovakia
67%
5Czech Republic
64%
1Romania
64%
1Bulgaria
58%
1Lithuania
55%
3Saudi Arabia
50%
2Israel
47%
1Thailand
47%
2United Arab Emirates
47%
2Singapore
44%
1Malaysia
41%
4Taiwan
41%
1Qatar
37%
1Kuwait
29%
1Cyprus
28%
1Dominican Republic
5%

Score Distribution

Percentile by Number Answered

Percent of People with Each Score

Your Score History

You have not taken this quiz since the last reset